Bautismo: sugerencias episcopales

保存先:
書誌詳細
団体著者: Consejo Episcopal Latinoamericano (著者)
フォーマット: 図書
言語:スペイン語
出版事項: Bogotá CELAM 1984
版:1a. ed
シリーズ:DELC-7
主題:
タグ: タグ追加
タグなし, このレコードへの初めてのタグを付けませんか!

MARC

LEADER 00000cam a2200000 a 4500
001 UCD0659
003 CL-VaPUC
008 151204e19840000ck |||||||||||||||||spa|d
082 0 4 |a 265.1  |b CON  |2 21 
110 2 |a Consejo Episcopal Latinoamericano  |e author  |9 583618 
245 1 0 |a Bautismo: sugerencias episcopales 
250 |a 1a. ed 
300 |a 77 p 
942 |c BK 
945 |d 20151204 12:43:00  |a gsalatino 
260 |a Bogotá  |b CELAM  |c 1984 
650 0 |a Bautismo  |9 314393 
650 0 |a Sacramentos   |9 257270 
650 7 |a PASTORAL  |2 CL-VaPUC  |9 397996 
650 7 |a PASTORAL CRISTIANA  |2 CL-VaPUC  |9 398048 
583 |a last modification  |c 20190801 09:29:02  |k Rodrigo Vera 
490 0 |a DELC-7 
999 |c 362122  |d 362120 
952 |0 0  |1 0  |3 erb  |4 0  |6 265_100000000000000_CON_1984  |7 0  |8 A  |9 473000  |a BIBTEO  |b BIBTEO  |i 5272874  |o 265.1 CON 1984  |p 5272874  |r 2025-01-17  |w 2019-11-24  |y BK  |z Catalogado en:20151204  |k ICR